Financial Reporting Standard 118. revenue

Bibliographic Details
Corporate Author: Lembaga Piawaian Perakaunan Malaysia
Format: Book
Language:English
Published: Kuala Lumpur : Malaysian Accounting Standards Board , c2010
Series:Financial reporting standard 118
Subjects:

MARC

LEADER 00000cam a2200000 7i4500
001 0000076921
005 20120726093000.0
008 111213s2010 my eng
050 0 0 |a HF5681.R5   |b F56 2010 
090 0 0 |a HF5681.R5   |b F56 2010 
245 0 0 |a Financial Reporting Standard 118. revenue   |c Malaysian Accounting Standards Board 
246 3 0 |a FRS 118 
260 |a Kuala Lumpur :   |b Malaysian Accounting Standards Board ,   |c c2010 
300 |a 17 p. ;   |c 21 cm. 
490 0 |a Financial reporting standard   |v 118 
505 0 |a 1. Objective -- 2. Scope -- 3. Definitions -- 4. Measurement of revenue -- 5. Identification of the transaction -- 6. Sale of goods -- 7. Rendering of services -- 8. Interest, royalties and dividends -- 9. Disclosure -- 10. Effective date 
650 0 |a Accounting   |x Standards 
650 0 |a Revenue   |x Accounting 
710 2 |a Lembaga Piawaian Perakaunan Malaysia 
740 0 2 |a FRS 118. Revenue 
740 0 2 |a Revenue 
999 |a 1000145691   |b Book   |c OPEN SHELF (30 DAYS)   |e Gong Badak Campus 
999 |a 1000145692   |b Book   |c OPEN SHELF (30 DAYS)   |e Gong Badak Campus